00751nam a2200193 4500001000700000003000900007005001700016007000300033008004100036100003400077245012000111260005700231300002200288490003300310830004100343852003200384999001900416952012200435139618ES-MaACL20230906195844.0t|070214s1971 sp r ||||1| spa d1 aSchenk, Juan Eduardo.910430313aEl Consejo del Presbiterio y el de Pastoral b: (Las relaciones humanas en la Iglesia) / cpor Juan Eduardo Schenk. aValencia : bComercial Ed. de Publicaciones, c1971. a189 p. ; c21 cm.1 aCuadernos de pastoral ; v430 aCuadernos de pastoral ; v439187018 aES-MaACLjC-48275 bR.78280 c139618d139618 00104070aATENEOMbATENEOMcDEPO2d2008-01-17eSCl0oC-48275p1145293r2023-02-23 00:00:00w2023-02-23yMONOGRAFIA